Brawl Stars: All Skins - Statistics

General Stats
  • This quiz has been taken 2,520 times
    108 since last reset
  • The average score is 155 of 821
Answer Stats
Brawler Skin Rarity Name % Correct
Ollie Rare Ollie-G
84%
Stu Rare Superstar Stu
72%
Otis & Cil Epic W Otis
72%
Jessie & Scrappy Legendary Bubblegum Mecha Jessie
70%
Finx Legendary Crimson Tyfinx
70%
Mortis Legendary Dark Mecha Mortis
70%
Bo Legendary Gold Mecha Bo
70%
Crow Legendary Gold Mecha Crow
70%
Bo Legendary Light Mecha Bo
70%
Mortis Legendary Light Mecha Mortis
70%
Bo Legendary Mecha Bo
70%
Finx Legendary Mecha Chief Finx
70%
Colt Legendary Mecha Colt
70%
Crow Legendary Mecha Crow
70%
Edgar Legendary Mecha Edgar
70%
Finx Legendary Mecha Finx
70%
Jessie & Scrappy Legendary Mecha Jessie
70%
Leon Legendary Mecha Leon
70%
Mandy Epic Mecha Mandy
70%
Mortis Legendary Mecha Mortis
70%
Piper Hypercharge Mecha Piper
70%
Edgar Legendary Mecha Unit 00 Edgar
70%
Edgar Legendary Mecha Unit 01 Edgar
70%
Crow Legendary Night Mecha Crow
70%
Colt Legendary Paragon Mecha Colt
70%
Piper Hypercharge Petal Mecha Piper
70%
Leon Legendary Radiant Mecha Leon
70%
Colt Legendary Renegade Mecha Colt
70%
Piper Hypercharge Rose Mecha Piper
70%
Mandy Epic Shade Mecha Mandy
70%
Leon Legendary Shadow Mecha Leon
70%
Jessie & Scrappy Legendary Shining Mecha Jessie
70%
Mandy Epic Wasp Mecha Mandy
70%
Shelly None Star Shelly
69%
Edgar Epic Doctor Edgar
57%
Buzz Hypercharge Black Godzilla Buzz
56%
Nita & Bruce Mythic Mechagodzilla Nita
56%
Buzz Hypercharge Red Godzilla Buzz
56%
Buzz Hypercharge Godzilla Buzz
54%
Colt Epic Light Angel Colt
54%
Colt Epic Dark Angel Colt
52%
Edgar Hypercharge Dark Angel Edgar
52%
Larry & Lawrie Epic Dark Angel Larry & Lawrie
52%
Gene Super Rare Angel Gene
51%
Larry & Lawrie Epic Angel Larry & Lawrie
51%
Lily Epic Angel Lily
51%
Max Epic Angel Max
51%
Emz Epic Demon Emz
51%
Mortis Hypercharge Demon Mortis
51%
Otis & Cil Epic Demon Otis
51%
Willow Epic Demon Willow
51%
Brock Epic Super Ranger Brock Red
51%
Dynamike Epic PSG Mike
49%
Shelly Super Rare PSG Shelly
49%
Brock Epic Super Ranger Brock Black
48%
Chester Rare Dark Chester
46%
Griff Epic Dragon Griff
46%
Griff Epic Greedy Griff
46%
Griff Epic Hoarder Griff
46%
Jessie & Scrappy Super Rare Red Dragon Jessie
46%
Barley Super Rare Unicorn Knight Barley
46%
Mandy Super Rare Witch Mandy
46%
Shelly Epic Witch Shelly
46%
Crow Pro Dragon Crow
44%
Crow Pro Dragonforged Crow
44%
Crow Pro Dragon IV Crow
44%
Crow Pro Dragonkin Crow
44%
Maisie Mythic Dragon Maisie
44%
Grom Legendary Dragrom
44%
El Primo Epic El Dragón Rosado
44%
El Primo Epic El Dragón Verdoso
44%
Crow Pro Ghost Dragon Crow
44%
Bull Rare Kansai Dragon Bull
44%
Spike Mythic Poop Spike
44%
Shelly Rare Bandita Shelly
43%
Lou Rare Bandito Lou
43%
Draco Rare Dark Knight Draco
43%
Lumi Rare Dark Knight Lumi
43%
Pam Legendary Evil Queen Pam
43%
Maisie Epic Jungle Queen Maisie
43%
Brock Epic Super Ranger Brock Blue
43%
Brock Epic Super Ranger Brock Pink
43%
Belle Rare Beach Belle
41%
Brock Super Rare Beach Brock
41%
Byron Rare Beach Byron
41%
El Primo Epic El Baby Shark
41%
Dynamike Legendary Robo Mike
41%
Penny & Lenny Rare Robo Penny
41%
Spike Epic Robo Spike
41%
Hank Rare Shark Tank Hank
41%
Colt Super Rare Sharktooth Colt
41%
Gale Epic Squeakbuster Gale
41%
Byron Epic Byron the White
39%
Frank Epic Spirit Knight Frank
39%
Brock Epic Super Ranger Brock Yellow
39%
Jessie & Scrappy Epic Dragon Knight Jessie
38%
Draco Legendary Dread Knight Draco
38%
Amber Legendary Frost Queen Amber
38%
Amber Epic Knight Amber
38%
Belle Epic Knight Belle
38%
Bo Epic Knight Bo
38%
Doug Epic Knight Doug
38%
Jacky Mythic Knight Jacky
38%
Lily Epic Knight Lily
38%
Jessie & Scrappy Epic Shadow Knight Jessie
38%
8-BIT Legendary AntiVirus 8-BIT
36%
Dynamike Rare Firecracker Wizard Mike
36%
Bo Epic King Archer Bo
36%
Lou Epic King Lou
36%
Bo Epic King Starrthur Bo
36%
Nita & Bruce Rare Panda Nita
36%
Jessie & Scrappy Super Rare Summer Jessie
36%
Surge Legendary Surge Lightyear
36%
Nita & Bruce Legendary Tusked Nita
36%
8-BIT Legendary Virus 8-BIT
36%
Charlie Legendary Virus Charlie
36%
Nita & Bruce Hypercharge 80’s Dustin Nita
34%
Poco Hypercharge Beatmatcher Poco
34%
Kit Rare Calico Kit
34%
Emz Epic DJ 3.M.Z.
34%
Frank Super Rare DJ Frank
34%
Poco Hypercharge DJ Poco
34%
Nita & Bruce Hypercharge Dustin Nita
34%
Sprout Super Rare Emerald Prince Sprout
34%
Nita & Bruce Hypercharge Future Dustin Nita
34%
Barley Super Rare Red Wizard Barley
34%
Sprout Super Rare Ruby Prince Sprout
34%
Poco Hypercharge Scratcher Poco
34%
Leon Super Rare Shark Leon
34%
Nita & Bruce Epic Shiba Nita
34%
Brock Super Rare Super Ranger Brock
34%
Kit Rare Tabby Kit
34%
Spike Legendary Toon Spike
34%
Barley None Wizard Barley
34%
Byron Epic Wizard Byron
34%
Kit Rare Yuki Kit
34%
Bibi Epic Cursed Pirate Bibi
33%
Pam Mythic Egg Pam
33%
Rico Mythic Egg Rico
33%
Kit Rare Guismo Kit
33%
Kit Rare Mariano Kit
33%
Shelly Epic Shelly Dancer Iris
33%
Kit Rare Siamese Kit
33%
Chuck Legendary Desert Scorpion Chuck
31%
Gene Epic Evil Gene
31%
Shelly Mythic HootHoot Shelly
31%
Crow Legendary Phoenix Crow
31%
Shade Legendary Brawlentine's Bear Shade
30%
Bonnie & Clyde Epic Bright Faerie Bonnie
30%
Grom Super Rare Bunny Grom
30%
Penny & Lenny Super Rare Bunny Penny
30%
Penny & Lenny Super Rare Dark Bunny Penny
30%
Bonnie & Clyde Epic Dark Faerie Bonnie
30%
Bonnie & Clyde Epic Faerie Bonnie
30%
Frank Mythic Faerie Frank
30%
Mina Epic Faerie Mina
30%
Tick Super Rare King Crab Tick
30%
Rico Super Rare Reloaded Ricochet
30%
Shelly Epic Shelly Dancer
30%
Shelly Epic Shelly Dancer Dahlia
30%
Shelly Mythic Squad Buster Shelly
30%
Shelly Rare Classic Shelly
28%
El Primo Mythic El Quarterback
28%
Barley Rare Golden Barley
28%
Brock Epic Gold Hacker Brock
28%
Brock Epic Hacker Brock
28%
Buzz Rare Kaiju Buzz
28%
Clancy Super Rare Kaiju Clancy
28%
Kenji Hypercharge Kizu Kenji
28%
Nita & Bruce Super Rare Koala Nita
28%
Kenji Hypercharge Manga Kenji
28%
Squeak Super Rare Moon Bunny Squeak
28%
Kenji Hypercharge Oni Kenji
28%
Gene Super Rare Pirate Gene
28%
Poco Super Rare Pirate Poco
28%
Juju & Gris-Gris Super Rare Queen Juju
28%
Brock Epic RGB Hacker Brock
28%
Leon Pro Shadow Tiger Leon
28%
El Primo Mythic SpongeBob El Primo
28%
Leon Pro Stalking Tiger Leon
28%
Emz Epic Super Fan Emz
28%
Sam Rare Teddy Sam
28%
Bibi Legendary Thor Bibi
28%
Leon Pro Tiger Leon
28%
Leon Pro White Tiger Leon
28%
Glowy Mythic Ywolg
28%
Bonnie & Clyde Rare Footbonnie
26%
Dynamike Pro Ghastly Dynamike
26%
Dynamike Pro Ghoulish Dynamike
26%
Dynamike Pro Haunted Dynamike
26%
Spike Rare Mask Spike
26%
Dynamike Pro Occultist Dynamike
26%
Otis & Cil Epic Oni Otis
26%
Dynamike Pro Possessed Dynamike
26%
Jessie & Scrappy Super Rare Sandy Jessie
26%
Mortis None Top Hat Mortis
26%
Brock Mythic Zeus Brock
26%
Nita & Bruce Mythic Bruce Nita
25%
8-BIT Rare Classic 8-BIT
25%
Dynamike Epic Classic Mike
25%
Lumi Epic Eleven Lumi
25%
Brock None Fresh Cut Brock
25%
Melodie Epic Greenblack Melodie
25%
Piper Rare Pink Piper
25%
Poco Super Rare Poco Starr
25%
Melodie Epic Pop Melodie
25%
Penny & Lenny Mythic Pop Penny
25%
Melodie Epic Redwhite Melodie
25%
Lumi Epic Retro Eleven Lumi
25%
Spike Super Rare Sakura Spike
25%
Dynamike Super Rare Santa Mike
25%
Stu Epic Santa Stu
25%
Surge Rare Secret Surgevice
25%
Rico Hypercharge Sovereign Gem Rico
25%
Tara Super Rare Street Ninja Tara
25%
Shade Super Rare Street Shade
25%
Lumi Epic Thrilled Eleven Lumi
25%
Tara Epic Urban Ninja Tara
25%
El Primo Rare Vamprimo
25%
Leon Epic Werewolf Leon
25%
Leon Mythic White Wolf Leon
25%
Bibi Rare Bubblegum Bibi
23%
Carl Epic Captain Carl
23%
Crow Super Rare Captain Crow
23%
Darryl Epic Cupcake Darryl
23%
Carl Epic Dark Tide Carl
23%
Kit Epic KitBoxer
23%
Kit Epic KitBoxer Darkpaw
23%
Kit Epic KitBoxer Goldpaw
23%
Cordelius Legendary Paper Cordelius
23%
8-BIT Epic Piano 8-BIT
23%
Trunk Epic Royale Trunk
23%
8-BIT Epic Saloon 8-BIT
23%
Willow Super Rare Scorpion Willow
23%
Rico Hypercharge Sovereign Bling Rico
23%
Trunk Rare Swimming Trunk
23%
Mr. P Rare Agent P
21%
Lou Super Rare Burger Lou
21%
Frank Super Rare Caveman Frank
21%
Piper Epic Flag Bearer Piper
21%
Squeak Super Rare Ghost Squeak
21%
Alli Rare Graffiti Alli
21%
Leon Rare Graffiti Leon
21%
Mina Rare Graffiti Mina
21%
Stu Rare Graffiti Stu
21%
Stu Legendary Jock Stu
21%
Bull Epic Lion Bull
21%
Meg & Rob Mythic Megalodon
21%
Cordelius Epic Odin Cordelius
21%
Squeak Super Rare Potato Squeak
21%
Frank Super Rare Prehistoric Frank
21%
Shelly Epic Stellar Shelly
21%
Pam Super Rare Stonks Pam
21%
Angelo Epic Tengu Angelo
21%
Dynamike Epic Tengu Mike
21%
Nita & Bruce Super Rare Whale Watch Nita
21%
Crow Super Rare White Crow
21%
Colt Mythic Woody Colt
21%
Colt Pro Astral Colt
20%
Colt Pro Astral Colt IV
20%
Gus & Spooky Super Rare Balloon Sally
20%
Bo Super Rare Cupid Bo
20%
Piper Epic Cupid Piper
20%
Kenji Legendary Cursed Kenji
20%
Janet Epic Dark Fairy Janet
20%
Gene Epic Dark Samurai Gene
20%
Surge Super Rare DIY Surge
20%
Pierce Mythic Edgy Pierce
20%
Byron Epic Frank Byron
20%
Grom Epic FrankenGrom
20%
Colt Pro Guardian Colt
20%
Stu Epic Headless Stu
20%
Tick Legendary Headless Tickman
20%
Pierce Mythic High Stakes Pierce
20%
Colt Pro Hyperion Colt
20%
Jessie & Scrappy Super Rare Jessie Jessie
20%
Jacky Epic Jet Ski Jacky
20%
Gene Rare Jungle Gene
20%
Ash Epic Ninja Ash
20%
Colt Rare Outlaw Colt
20%
Pierce Mythic Pierce Vampire Hunter
20%
Nani & Peep Rare Retro Nani
20%
Rico Super Rare Ricochet
20%
Colt Rare Rockstar Colt
20%
Leon Super Rare Sally Leon
20%
Ash Epic Shinobi Ash
20%
Jacky Epic Wave Hopper Jacky
20%
Bibi Epic ZomBibi
20%
Charlie Rare Amazing Charlie
18%
Nani & Peep Mythic Ares Nani
18%
Piper Mythic Athena Piper
18%
Nani & Peep Epic Bell Nani
18%
Kit Rare Billy the Kit
18%
Edgar Rare Blackbird Edgar
18%
Mortis Epic Blue Squidward Mortis
18%
Gray Super Rare Detective Gray
18%
Gray Super Rare Detective Noir Gray
18%
Jessie & Scrappy Rare Doll Jessie
18%
El Primo Super Rare El Rudo Primo
18%
Rico Epic Final Boss Rico
18%
Mortis Rare Gala Mortis
18%
Max Rare GT Max
18%
Nita & Bruce Super Rare Gummybear Nita
18%
Carl Super Rare Hog Rider Carl
18%
Nani & Peep Epic Knightmare Nani
18%
Janet Mythic Lunar Janet
18%
Piper Epic Lunar Piper
18%
Sprout Epic Lunar Sprout
18%
Larry & Lawrie Legendary Magic Lamp Larry & Lawrie
18%
Piper Epic Mariposa Piper
18%
Chester Epic Moon Guardian Chester
18%
Crow Mythic Moon Guardian Crow
18%
Hank Super Rare Moon Guardian Hank
18%
Tick Super Rare Mr. Krabs Tick
18%
Darryl Epic OmegaBox Darryl
18%
R-T Rare Patrol R-T
18%
Ollie Epic Pharaollie
18%
Otis & Cil Epic PharaOtis
18%
Mortis Epic Pink Squidward Mortis
18%
R-T Mythic Poseidon R-T
18%
Ruffs Super Rare Ruffesses II
18%
Rico Hypercharge Sovereign Rico
18%
Mortis Epic Squidward Mortis
18%
Amber Legendary Starr Patrol Amber
18%
Lily Rare Strawberry Lily
18%
Surge Epic Surgenie
18%
Fang Epic The Fan’s Fang
18%
Bonnie & Clyde Rare Unicorn Bonnie
18%
Amber Legendary Void Amber
18%
Bo Rare Warrior Bo
18%
Gus & Spooky Epic World Champion Gus
18%
Angelo Epic Adonis Angelo
16%
El Primo Legendary All Might El Primo
16%
Maisie Epic Amazing Maisie
16%
Gigi Mythic Autumn Scarecrow Gigi
16%
Alli Epic Baddie Alli
16%
Colt Epic Bananas Colt
16%
Meg & Rob Super Rare Beetle Meg
16%
Bibi Super Rare Bibilante
16%
Colette Epic Black Hole Colette
16%
Angelo Epic Brawlentine's Angelo
16%
Tick Mythic Cerberus Tick
16%
Kaze Legendary Clockwork Kaze
16%
Fang Epic Deku Fang
16%
Draco Mythic Eddie Draco
16%
El Primo Epic El Brown
16%
Angelo Rare Elf Angelo
16%
Fang Mythic Fanguard
16%
Kaze Rare Fruity Kaze
16%
Carl Rare Goblin Carl
16%
Rico Epic Guard Rico
16%
Emz Epic Hypebeast Emz
16%
Chester Epic Loki Chester
16%
Darryl Super Rare Mascot Darryl
16%
Darryl Epic MegaBox Darryl
16%
Berry Epic Pegasus Berry
16%
Shelly Super Rare Princess Shelly
16%
Edgar Super Rare Quickdraw Edgar
16%
Brock Epic Rocket Brown
16%
Ruffs Epic Ronin Ruffs
16%
Nani & Peep Epic Sally Nani
16%
Gigi Mythic Scarecrow Gigi
16%
Angelo Epic Snatched Angelo
16%
Emz Epic Streetwear Emz
16%
Jessie & Scrappy Epic Tanuki Jessie
16%
Sprout Epic Tanuki Sprout
16%
Emz Epic Techwear Emz
16%
Colette Epic Void Colette
16%
Finx Mythic Void Master Finx
16%
Colette Epic White Dwarf Colette
16%
Gigi Mythic Winter Scarecrow Gigi
16%
Frank Legendary Blue King Frank
15%
Bo Mythic Brother Bo
15%
Bull Epic Bull Mang
15%
Cordelius Epic Cooled Sultan Cordelius
15%
R-T Epic Crimson R-T
15%
Buster Epic Crocodile Buster
15%
Crow Epic Crowbone
15%
Leon Super Rare Dino Leon
15%
Angelo Super Rare Dionysus Angelo
15%
Edgar Epic Drift Edgar
15%
Bibi Epic Gamer Bibi
15%
Colette Epic Gladiator Colette
15%
Cordelius Epic Heated Sultan Cordelius
15%
Bull Mythic HellBull
15%
Ollie Epic Jake Ollie
15%
Jae-yong Rare Jammin’ Jae
15%
Finx Rare Jurassic Finx
15%
Sandy Epic Lantern Sandy
15%
Max Super Rare Leopard Max
15%
Rico Epic Loaded Rico
15%
Squeak Mythic Love Potion Squeak
15%
Edgar Epic Masked Edgar
15%
Gale Epic Merchant Gale
15%
Sandy Epic Nightmare Sandy
15%
Max Super Rare Panther Max
15%
Ash Epic Pizza Oven Ash
15%
Frank Legendary Red King Frank
15%
Hank Mythic Rodeo Hank
15%
Charlie Epic Rosie Charlie
15%
Lou Mythic Rude Lou
15%
Edgar Epic Shin Edgar
15%
Sandy Rare Sleepy Sandy
15%
Bull Epic Space Ox Bull
15%
Tara Rare Stara
15%
Max Super Rare Streetwear Max
15%
Carl Epic Sultan Carl
15%
Cordelius Epic Sultan Cordelius
15%
Poco Epic Trash Poco
15%
Colt Pro Ultra Astral Colt
15%
Chester Epic Uno Chester
15%
Brock Rare ZomBrock
15%
Amber Epic Amber de la Vega
13%
Willow Rare Axl Willow
13%
Edgar Mythic Bakugo Edgar
13%
Buster Rare Biker Buster
13%
Carl Epic Biker Carl
13%
Brock Mythic Boss Brock
13%
Larry & Lawrie Rare Controllers Larry & Lawrie
13%
Sam Super Rare Dark Clown Sam
13%
Berry Rare Dark Horse Berry
13%
El Primo Super Rare El Atómico
13%
El Primo Epic El Rey Primo
13%
R-T Mythic Gargoyle R-T
13%
Larry & Lawrie Epic Glitch Larry & Lawrie
13%
Bea Super Rare Gold Neko Bea
13%
Mico Epic Grouch Mico
13%
Melodie Epic Harpy Melodie
13%
Pam Super Rare Holiday Pam
13%
Bull Epic Hopper Bull
13%
Bo Epic Horus Bo
13%
Chuck Rare Inferno Chuck
13%
Bea Rare Ladybug Bea
13%
Kit Epic LockpicKit
13%
Mico Rare Macaron Mico
13%
Mandy Epic Magma Mandy
13%
Bull Mythic Minotaur Bull
13%
Dynamike Mythic Moldy Mike
13%
Bea Super Rare Neko Bea
13%
Mortis Epic Night Witch Mortis
13%
Janet Super Rare Popstar Janet
13%
Mortis Epic Rockabilly Mortis
13%
Shelly Super Rare Sheriff Shelly
13%
Melodie Rare Sif Melodie
13%
Tick Super Rare Snowman Tick
13%
Gene Super Rare Swamp Gene
13%
Maisie Rare Tech Maisie
13%
Juju & Gris-Gris Rare Unlucky Juju
13%
Bo Epic Wasp Bo
13%
Stu Super Rare Wicked Stu
13%
Sam Epic Yeti Sam
13%
Ash Super Rare Ash Boy
11%
Belle Epic Belle Goldhand
11%
Brock Super Rare Boom Box Brock
11%
Jessie & Scrappy Epic Cat Burglar Jessie
11%
Buster Epic Chainsaw Buster
11%
Rosa Epic Cheerleader Rosa
11%
Shade Rare Cinema Shade
11%
Jacky Rare Constructor Jacky
11%
Max Epic Cony Max
11%
Colt Epic Corsair Colt
11%
Darryl Epic Crash Test Darryl
11%
Carl Epic Crazy Clown Carl
11%
Ziggy Mythic Dark Wizard Ziggy
11%
Mortis Hypercharge Devilish Mortis
11%
Doug Rare Draco Doug
11%
Darryl Super Rare Dumpling Darryl
11%
Doug Mythic Dynasty Doug
11%
Dynamike Epic Dynasty Mike
11%
Bonnie & Clyde Epic Empress Bonnie
11%
Colette Super Rare Fangirl Cony
11%
Fang Epic Ferocious Fang
11%
Fang Epic Furious Fang
11%
Gale Rare Galactic Gale
11%
Emz Super Rare Harajuku Emz
11%
Clancy Rare High Stakes Clancy
11%
Mortis Epic Hockey Mortis
11%
Alli Rare Hunter-Gatherer Alli
11%
Sandy Legendary Hypnos Sandy
11%
Colette Epic Impie Colette
11%
Griff Rare Jackpot Griff
11%
Surge Super Rare Kong Surge
11%
Carl Super Rare Leonard Carl
11%
Surge Epic Mecha Paladin Surge
11%
Moe Epic Moon Driller Moe
11%
Meeple Epic Mystic Meeple
11%
Squeak Epic Nerd Squeak
11%
Edgar Hypercharge Nightbringer Edgar
11%
Bull Super Rare Norse Raider Bull
11%
Gale Epic Nutcracker Gale
11%
Buzz Epic Patrick Buzz
11%
Lumi Super Rare Persephone Lumi
11%
Darryl Epic Plankton Darryl
11%
Spike Super Rare Pyro Spike
11%
Tara Epic Ragequit Tara
11%
Surge Epic Scarlet Paladin Surge
11%
Lou Super Rare Smooth Lou
11%
Dynamike Epic Spicy Mike
11%
Eve Epic Spiky Eve
11%
Meeple Rare Strike Meeple
11%
Barley Epic Sway Master Barley
11%
Edgar Mythic Thief Edgar
11%
Colette Epic Trixie Colette
11%
Sprout Rare Tropical Sprout
11%
Janet Epic Uravity Janet
11%
Bull Super Rare Viking Bull
11%
Pearl Rare Vintage Pearl
11%
Ziggy Mythic Warlock Ziggy
11%
Mico Legendary Wukong Mico
11%
Ziggy Mythic Zap It Up Ziggy
11%
Shelly Rare America Shelly
10%
Eve Epic Baiku Eve
10%
Fang Epic Blue Pitcher Fang
10%
Buzz Epic Born Bad Buzz
10%
Gus & Spooky Rare Boy Scout Gus
10%
Amber Epic Bubble Trouble Amber
10%
Buzz Epic Buzzette
10%
Dynamike Epic Coach Mike
10%
Gale Epic Dapper Gale
10%
Pearl Super Rare Dark Keep Pearl
10%
Brock Super Rare Deputy Brock
10%
Chuck Epic Electroid Chuck
10%
Jacky Epic Esports Jacky
10%
Gale Epic Fancy Man Gale
10%
Janet Epic Firewing Janet
10%
Kenji Rare Fruit Samurai Kenji
10%
Colt Super Rare Handsome Colt
10%
8-BIT Epic Haunted House 8-BIT
10%
Bibi Epic Heroine Bibi
10%
Hank Mythic Jam Master Hank
10%
Edgar Hypercharge Lightbearer Edgar
10%
Emz Epic Medusa Emz
10%
Frank Rare Parasol Frank
10%
Pearl Epic Periscope Pearl
10%
Ash Epic Piñata Ash
10%
Rico Rare Redjacket Rico
10%
Nita & Bruce Epic Red Nose Nita
10%
Fang Epic Red Pitcher Fang
10%
Byron Mythic Ringmaster Byron
10%
Emz Epic Ruby Medusa Emz
10%
Gray Rare Runaway Gray
10%
Emz Epic Sapphire Medusa Emz
10%
Jessie & Scrappy Mythic Skadi Jessie
10%
Gale Epic Steampunk Gale
10%
Bull Super Rare Touchdown Bull
10%
Bo Epic Underworld Bo
10%
Frank Mythic Vanara Frank
10%
Bibi Super Rare Vicious Bibi
10%
Chester Super Rare Wood Spirit Chester
10%
Bea Epic AEB
8%
Surge Epic Anti-hero Skeletal Surge
8%
Sprout Epic Aquamarine Sprout
8%
Bull Super Rare B-800
8%
Shelly Rare Boca Juniors Shelly
8%
Dynamike Super Rare Boomer Mike
8%
Poco Epic CCTV Poco
8%
Colt Epic Challenger Colt
8%
Rico Epic Chicken Rico
8%
Rosa Epic Coco Rosa
8%
Stu Epic Crimelord Stu
8%
Jacky Super Rare Cuttlefish Jacky
8%
Mr. P Super Rare Daruma Mr. P
8%
Crow Epic Death’s Door Crow
8%
Edgar Epic Edgar Tata
8%
El Primo Super Rare El Corazón
8%
Buzz Epic Eldr Fenrir Buzz
8%
Amber Rare Fiendish Amber
8%
Stu Epic Iced Out Stu
8%
Belle Super Rare Ivy Belle
8%
Surge Epic Kraken Surge
8%
Lola Epic Lawless Lola
8%
Lola Epic Loopy Lola
8%
Rosa Epic Mantis Rosa
8%
Barley Super Rare Maple Barley
8%
Maisie Epic Marauder Maisie
8%
Crow Rare Maverick Crow
8%
Bea Epic Mega Beetle Bea
8%
Mico Epic Monstro Mico
8%
Mr. P Epic Mr. Dragonfruit
8%
Lily Epic Night Sands Lily
8%
Crow Epic Old Hunter Crow
8%
Byron Epic Overlord Byron
8%
Crow Epic Plague Doctor Crow
8%
Darryl Rare Pop-up Darryl
8%
Brock Epic Postal Brock
8%
Lola Epic Rebel Lola
8%
Mortis Epic Rogue Mortis
8%
Dynamike Super Rare Romantic Dynamike
8%
Lily Epic Sandstalker Lily
8%
Lily Epic Sandwalker Lily
8%
Berry Epic Scoops Ahoy Berry
8%
Sam Epic Spectaculor Sam
8%
Squeak Rare Squeaky Note
8%
Spike Epic Starr Guardian Spike
8%
Bea Epic Starr Patrol Bea
8%
Juju & Gris-Gris Mythic Starr Patrol Juju
8%
Spike Epic Starr Patrol Spike
8%
Spike Epic Starr Scout Spike
8%
Stu Epic Steampunk Stu
8%
Lou Epic Stone Troll Lou
8%
Rosa Epic Sugarplum Rosa
8%
Griff Epic Sunken Chest Griff
8%
Gus & Spooky Mythic Tomura Shigaraki Gus
8%
Leon Super Rare Trick or Treat Leon
8%
Jacky Epic Ultra Driller Jacky
8%
8-BIT Super Rare V8-BIT
8%
Janet Epic Valkyrie Janet
8%
Gus & Spooky Epic Will Gus
8%
Charlie Epic Workout Charlie
8%
Bea Super Rare Archvillain Bea
7%
Rico Epic Breakup Rico
7%
Barley Epic Buccaneer Barley
7%
Buzz Epic Bye Bye Buzz
7%
Sam Epic Caesar Sam
7%
Piper Super Rare Calavera Piper
7%
Mandy Mythic Carnaval Mandy
7%
Sprout Super Rare Corrupted Sprout
7%
Mr. P Super Rare Count Pengula
7%
Colette Rare Cuckoo Colette
7%
Kit Super Rare Cuddly Kit
7%
Spike Epic Dark Lord Spike
7%
Grom Mythic Dasis Grom
7%
Buzz Epic Director Buzz
7%
Belle Epic Dragoon Belle
7%
Tick Rare Eggsplosion Tick
7%
Buster Epic Equilibrium Buster
7%
Buzz Epic Filmmaker Buzz
7%
Janet Rare G-Force Janet
7%
Sandy Epic Glowing Jellyfish Sandy
7%
Grom Rare Grombin Hood
7%
Mr. P Super Rare Gym Rat Mr. P
7%
Mortis Epic Hades Mortis
7%
Mandy Epic Hanbok Mandy
7%
Rico Epic Heartbroken Rico
7%
Max Super Rare Hermes Max
7%
Griff Super Rare High Score Griff
7%
Bo Super Rare HoHoHo Bo
7%
Bonnie & Clyde Super Rare Icarus Bonnie
7%
Bibi Epic Injustice Smasher Bibi
7%
Jacky Epic Jacky Cooky
7%
Sandy Epic Jellyfish Sandy
7%
Bibi Epic Justice Smasher Bibi
7%
Lola Epic Kitsune Lola
7%
Lola Epic Lavish Lola
7%
Leon Rare Leon The Stray
7%
Bull Super Rare Linebacker Bull
7%
Rosa Epic Major Rosa
7%
Doug Epic Man-o-war Doug
7%
Emz Rare Mean Girl Emz
7%
Moe Rare Monterey Moe
7%
Penny & Lenny Epic Moon-curser Penny
7%
Eve Epic Mothra Eve
7%
Mr. P Super Rare Mr. Fly
7%
Colette Super Rare Navigator Colette
7%
Sandy Epic Neon Jellyfish Sandy
7%
Nita & Bruce Epic Nian Nita
7%
Cordelius Rare Poison Cap Cordelius
7%
Grom Epic Protector Grom
7%
Poco Epic Quit Playing Poco
7%
Meeple Mythic Refereeple
7%
Nita & Bruce Epic Reinbear Nita
7%
Bonnie & Clyde Epic Reindeer Bonnie
7%
Rico Epic Revenge Rico
7%
Nita & Bruce Epic Rui Shou Nita
7%
Otis & Cil Rare Rusty Otis
7%
Ash Rare Sandcastle Ash
7%
Darryl Epic Sheepish Darryl
7%
Tara Epic Shukuteki Tara
7%
Griff Epic Sleigher Griff
7%
Penny & Lenny Epic Smuggler Penny
7%
Lou Legendary Super Striker Lou
7%
Carl Epic Surfer Carl
7%
Bonnie & Clyde Super Rare Tentacle Bonnie
7%
Maisie Epic Titanium Maisie
7%
Penny & Lenny Epic Trash Panda Penny
7%
Janet Epic Tricky Janet
7%
Penny & Lenny Epic Truant Penny
7%
Bibi Epic Virtue Smasher Bibi
7%
Bull Epic Alleycat Bull
5%
Kenji Epic Aodaisho Kenji
5%
8-BIT Epic Ascended 8-BIT
5%
Mortis Super Rare Beach Time Mortis
5%
Mina Mythic Beatchaser Mina
5%
Dynamike Super Rare Bellhop Mike
5%
Bibi Epic Bibi RJ
5%
Buster Epic Blessed Buster
5%
Spike Epic Carreta Spike
5%
Ruffs Epic Chimmy Ruffs
5%
Piper Super Rare Choco Piper
5%
Mina Mythic Dance Dance Mina
5%
Barley Epic Eldritch Professor Barley
5%
El Primo Super Rare El Mayordomo
5%
Buzz Epic Fenrir Buzz
5%
Maisie Epic Fuchsia Maisie
5%
Lola Super Rare Galaxy Storm Lola
5%
Rico Mythic Ghost Diver Rico
5%
Gus & Spooky Epic Grim Gus
5%
Gus & Spooky Super Rare Gruesome Gus
5%
Kenji Epic Hebi Kenji
5%
Lola Rare High Flyer Lola
5%
Mina Mythic High Scorer Mina
5%
Melodie Epic Inflatable Melodie
5%
Carl Epic Insector Carl
5%
Griff Epic Intergalactic Griff
5%
Colt Epic Jade Agent Colt
5%
Jessie & Scrappy Epic Jessie Musketeer
5%
Colette Epic Kiiro Pawlette
5%
Ash Super Rare Krampus Ash
5%
Mortis Hypercharge Lambent Mortis
5%
Brock Epic Lion Dance Brock
5%
Spike Super Rare Logmas Spike
5%
Willow Epic Lunar Lotus Willow
5%
Kenji Epic Mamushi Kenji
5%
Meg & Rob Epic Martyr Meg
5%
Mandy Rare MC Mandy
5%
Colette Epic Midori Pawlette
5%
Buzz Epic Mørk Fenrir Buzz
5%
Fang Super Rare Octo Fang
5%
Brock Super Rare Old School Brock
5%
Edgar Epic Orochi Edgar
5%
Ash Super Rare P.E.K.K.A.S.H
5%
Poco Rare Phantom Poco
5%
Colette Epic Pinku Pawlette
5%
Rico Epic Popcorn Rico
5%
Poco Mythic Possessed Poco
5%
Chester Epic Prankster Chester
5%
Pam Epic Putrid Pam
5%
Surge Epic Skeletal Surge
5%
Cordelius Epic Sporemind Cordelius
5%
Dynamike Super Rare Sugar Bomb Mike
5%
Rosa Rare Sunflowerosa
5%
Surge Epic Villainous Skeletal Surge
5%
Bull Super Rare Barbarian King Bull
3%
Bibi Epic Bo Peep Bibi
3%
Rosa Super Rare Brawl-o-ween Rosa
3%
8-BIT Mythic Canopic 8-BIT
3%
Frank Epic Charcoal Frank
3%
Colt Rare Club America Colt
3%
Belle Epic Coral Belle
3%
Eve Rare Cored Eve
3%
Darryl Super Rare D4R-RY1
3%
Dynamike Super Rare Decaying Mike
3%
Poco Epic Desperado Poco
3%
Rico Super Rare Firefly Rico
3%
Fang Rare First Mate Fang
3%
Jacky Super Rare Gift Express Jacky
3%
Gray Epic Gigantophis Gray
3%
Otis & Cil Mythic Gridiron Otis
3%
Colette Epic Inspector Colette
3%
Fang Epic Kabocha Fang
3%
Piper Epic Kasa-obake Piper
3%
Gene Epic Keeper Gene
3%
Carl Epic Kicker Carl
3%
Mandy Epic Malicious Mandy
3%
Ruffs Super Rare Marshal Ruffs
3%
Frank Epic Mummified Frank
3%
Frank Epic Papyrus Frank
3%
Colt Rare River Plate Colt
3%
Colt Epic Royal Agent Colt
3%
Nita & Bruce Super Rare Runner Nita
3%
Sandy Epic Sandy Koya
3%
Squeak Epic Scarab Squeak
3%
Surge Mythic Scorekeeper Surge
3%
Gene Epic Score Stopper Gene
3%
Ruffs Epic Seadog Ruffs
3%
Gale Epic Shell Blaster Gale
3%
Nani & Peep Epic Snow Globe Nani
3%
Ruffs Rare Sous Chef Ruffs
3%
Berry Epic Starr Horse Berry
3%
Carl Epic Striker Carl
3%
Sandy Super Rare Sugar Rush Sandy
3%
Carl Epic Super Ball Carl
3%
Gene Epic Super Ball Gene
3%
Ruffs Epic Teen Ruffs
3%
Colette Epic Tokusatsu Colette
3%
Piper Epic Tsukumogami Piper
3%
Stu Super Rare Woodriver Stu
3%
Max Epic World Championship Max
3%
Piper Epic Yokai Piper
3%
Colt Rare Atl. Nacional Colt
2%
Barley Epic Bakesale Barley
2%
Bea Super Rare Bea Byte
2%
Bibi Epic Bodyguard Bibi
2%
El Primo Epic El Grilo
2%
El Primo Rare El Primo Universitario
2%
Eve Epic Extraterrestrial Eve
2%
Squeak Super Rare First Blob Squeak
2%
Colt Super Rare Gunslinger Colt
2%
Frank Epic Holiday Party Frank
2%
Brock Epic Hot Rod Brock
2%
Fang Epic Infernal Fang
2%
Meg & Rob Epic Jaguar Spirit Meg
2%
Janet Super Rare Jolly Janet
2%
Penny & Lenny Super Rare Lil Helper Penny
2%
Tick Epic Mecha-Tick Ghidorah
2%
Tick Epic Mecha-Tick Ghidorah Dark
2%
Tick Epic Mecha-Tick Ghidorah Light
2%
Meg & Rob Epic Monster Truck Meg
2%
Sam Epic Peaky Sam
2%
Mortis Epic Pluto Moris
2%
Melodie Epic Pump It Melodie
2%
Larry & Lawrie Epic Radiant Larry & Lawrie
2%
Cordelius Epic Raider Cordelius
2%
Carl Super Rare Road Rage Carl
2%
Poco Super Rare Serenade Poco
2%
Bo Mythic Supreme Bo
2%
Tara Epic Tempest Tara
2%
Tick Epic Tick Shooky
2%
Shelly Rare U De Chile Shelly
2%
Gray Epic Wanderer Gray
2%
Meg & Rob Rare Whisked Meg
2%
Leon Epic World Finals Leon
2%
Penny & Lenny Epic Archer Queen Penny
0%
Colt Rare Cerro Porteño Colt
0%
Lola Epic Cobra Lola
0%
El Primo Rare El Primo Club Nacional
0%
El Primo Rare El Primo Corinthians
0%
El Primo Epic El Tigro
0%
Buzz Epic Fisherman Buzz
0%
Tara Epic Misfortune Tara
0%
Mortis Epic Serapis Mortis
0%
No matching quizzes found
Score Distribution
Percent of People with Each Score
Percentile by Number Answered
Your Score History
You have not taken this quiz since the last reset